000 00687nam a2200253Ia 4500
003 OSt
005 20220926023856.0
006 a|||||r|||| 00| 0
007 ta
008 220923b |||||||| |||| 00| 0 eng d
037 _cGeneral Book
040 _aRTL
_cRTL
_beng
041 _2eng
_aeng
082 _aY, J8;K8
100 _aLundberg George A, and others
_9329705
245 0 _aSociology
250 _a4
260 _aNY
_bHarper and Row
_c1968
300 _axi, 771p
_ccm.
500 _aBibliography at the end of each chapter
650 _aEssays Sociology
942 _hY, J8;K8
_cGB
_2CC
999 _c642507
_d642507